000 00315nam a2200109Ia 4500
008 200302s9999 xx 000 0 und d
100 _aDana Arnold
245 _aThe Spaces of the Hospital Spatiality and Urban Change in London 1680-1820
260 _bRoutledge Taylor & Francis Group
260 _c2013
300 _a155
999 _c3314
_d3314